000 00816nam a2200217 i 4500
001 25647
003 ES-MaACL
005 20250729050625.0
007 t|
008 021227s1881 sp ||||1| spa d
100 1 _aAriño y Sancho, Tomás.
_922845
245 1 0 _aManual de mecánica aplicada :
_bfluidos /
_cpor D. Tomás Ariño y Sancho.
260 _aMadrid :
_bEst. Tip. Editorial G. Estrada,
_c1881.
300 _a232 p., [1] h. pleg. de lám. ;
_c17 cm.
490 1 _aBiblioteca enciclopédica popular ilustrada. Sección 3ª. Conocimientos útiles
650 7 _aMecánica de fluidos
_2embne
_914877
700 1 _aEstrada, Gregorio.
_9126979
830 1 _aBiblioteca enciclopédica popular ilustrada. Sección 3ª. Conocimientos útiles
_9180990
852 _aES-MaACL
_jF-13596
999 _c25647
_d25647